[Event "London Classic Open 2017"]
[Site "London ENG"]
[Date "2017.12.09"]
[Round "9.17"]
[White "Vakhidov, Jakhongir"]
[Black "McDonald, Neil"]
[Result "1-0"]
[WhiteTitle "GM"]
[BlackTitle "GM"]
[WhiteElo "2500"]
[BlackElo "2397"]
[WhiteFideId "14201801"]
[BlackFideId "400629"]
[EventDate "2017.12.02"]

1. c4 f5 2. Nc3 Nf6 3. d4 g6 4. h4 Bg7 5. h5 Nxh5 6. e4 e6 7. exf5 exf5 8. Rxh5
gxh5 9. Qxh5+ Kf8 10. Nd5 h6 11. Qxf5+ Kg8 12. c5 d6 13. Qe4 Nc6 14. Bc4 Kf8 15.
Ne2 Na5 16. Qf4+ Ke8 17. Bb5+ c6 18. Bd3 cxd5 19. Bg6+ Kd7 20. Qxd6# 1-0

[Event "London Classic Open 2017"]
[Site "London ENG"]
[Date "2017.12.09"]
[Round "9.18"]
[White "Gormally, Daniel W"]
[Black "Van Delft, Merijn"]
[Result "1-0"]
[WhiteTitle "GM"]
[BlackTitle "IM"]
[WhiteElo "2477"]
[BlackElo "2393"]
[WhiteFideId "406465"]
[BlackFideId "1004670"]
[EventDate "2017.12.02"]

1. e4 c5 2. Nf3 d6 3. d4 cxd4 4. Nxd4 Nf6 5. Nc3 a6 6. Qe2 e5 7. Nb3 Be6 8. Bd2
Nbd7 9. O-O-O Be7 10. Rg1 b5 11. g4 Nb6 12. f4 exf4 13. g5 Nfd7 14. Bxf4 Nc4 15.
Nd5 Bxd5 16. exd5 O-O 17. Nd4 Nde5 18. Kb1 Re8 19. Bc1 Bf8 20. h4 g6 21. h5 Bg7
22. hxg6 hxg6 23. Rh1 Nxb2 24. Bxb2 Nc4 25. Qf3 Nxb2 26. Kxb2 Qxg5 27. Rh3 Rac8
28. c3 Rc5 29. Rg3 Qxd5 30. Qxd5 Rxd5 31. Kb3 Rc5 32. Bh3 Ree5 33. Rgd3 a5 34.
a3 Bf8 35. Bd7 Kg7 36. Rf3 a4+ 37. Kc2 Kg8 38. Rdf1 Bg7 39. Rxf7 Re3 40. Rxg7+
Kxg7 41. Ne6+ Rxe6 42. Bxe6 1-0

[Event "London Classic Open 2017"]
[Site "London ENG"]
[Date "2017.12.09"]
[Round "9.20"]
[White "Williams, Simon K"]
[Black "Krishna Teja, N"]
[Result "1/2-1/2"]
[WhiteTitle "GM"]
[BlackTitle "IM"]
[WhiteElo "2453"]
[BlackElo "2368"]
[WhiteFideId "404454"]
[BlackFideId "5001498"]
[EventDate "2017.12.02"]

1. d4 Nf6 2. Nf3 e6 3. c4 b6 4. g3 Bb7 5. Bg2 Be7 6. O-O O-O 7. d5 exd5 8. Nh4
c6 9. cxd5 Nxd5 10. Nf5 Nc7 11. e4 d5 12. exd5 cxd5 13. Nc3 Bf6 14. Bf4 Nba6 15.
Re1 Nc5 16. Nd6 Bc6 17. Nxd5 Nxd5 18. Bxd5 Qd7 1/2-1/2

[Event "London Classic Open 2017"]
[Site "London ENG"]
[Date "2017.12.09"]
[Round "9.21"]
[White "Akash Pc, Iyer"]
[Black "Bartholomew, John"]
[Result "0-1"]
[BlackTitle "IM"]
[WhiteElo "2390"]
[BlackElo "2448"]
[WhiteFideId "5006775"]
[BlackFideId "2019353"]
[EventDate "2017.12.02"]

1. Nf3 d5 2. g3 Bg4 3. Bg2 Nd7 4. d3 Ngf6 5. Nbd2 c6 6. O-O e5 7. e4 dxe4 8.
dxe4 Be7 9. b3 O-O 10. Bb2 Qc7 11. Qe2 b5 12. Rfe1 Rfe8 13. h3 Bh5 14. Qf1 Bb4
15. c3 Bf8 16. a4 a6 17. axb5 cxb5 18. b4 Nb6 19. Rac1 Rad8 20. Red1 Qb8 21. Qe2
Rd7 22. Ba1 Red8 23. g4 Bg6 24. Nh4 Qc7 25. Bf3 Nc4 26. Nxc4 Rxd1+ 27. Rxd1
Rxd1+ 28. Qxd1 Qxc4 29. Nxg6 hxg6 30. Qe1 Be7 31. g5 Nh5 32. Qe2 Qb3 33. Qb2 Qe6
34. Bg4 Qd6 35. h4 Qd3 36. Qe2 Qb1+ 37. Qd1 Qxe4 38. Qf3 Qe1+ 0-1

[Event "London Classic Open 2017"]
[Site "London ENG"]
[Date "2017.12.09"]
[Round "9.22"]
[White "Sowray, Peter J"]
[Black "Wells, Peter K"]
[Result "0-1"]
[WhiteTitle "FM"]
[BlackTitle "GM"]
[WhiteElo "2357"]
[BlackElo "2441"]
[WhiteFideId "400971"]
[BlackFideId "400327"]
[EventDate "2017.12.02"]

1. c4 e6 2. Nc3 d5 3. e3 Nf6 4. Nf3 a6 5. b3 c5 6. cxd5 exd5 7. d4 cxd4 8. Nxd4
Bb4 9. Bd2 O-O 10. Be2 Re8 11. O-O Nc6 12. Nxc6 bxc6 13. Bf3 Bd6 14. Bc1 h5 15.
Bb2 Ng4 16. g3 Qg5 17. Bg2 h4 18. Re1 hxg3 19. hxg3 Nxf2 20. Kxf2 Qxg3+ 21. Kf1
Bh3 22. Re2 Rxe3 23. Rf2 Qh2 0-1

[Event "London Classic Open 2017"]
[Site "London ENG"]
[Date "2017.12.09"]
[Round "9.23"]
[White "Cherniaev, Alexander"]
[Black "Globus, Or"]
[Result "1-0"]
[WhiteTitle "GM"]
[WhiteElo "2436"]
[BlackElo "2253"]
[WhiteFideId "4117301"]
[BlackFideId "2816776"]
[EventDate "2017.12.02"]

1. e4 c5 2. c3 g6 3. d4 cxd4 4. cxd4 d5 5. e5 Nc6 6. h3 Bg7 7. Nc3 f6 8. f4 Bf5
9. g4 fxe5 10. dxe5 Be6 11. Bg2 d4 12. Ne4 Bd5 13. Ne2 Qb6 14. N2g3 Rd8 15. O-O
Nh6 16. Nd6+ exd6 17. Bxd5 dxe5 18. Bb3 d3+ 19. Kh2 Qd4 20. Bd2 exf4 21. Rxf4
Qxb2 22. Rb1 Qa3 23. Re4+ Kd7 24. Be6+ Kc7 25. Bf4+ Rd6 26. Ra4 1-0

[Event "London Classic Open 2017"]
[Site "London ENG"]
[Date "2017.12.09"]
[Round "9.24"]
[White "Fodor, Tamas Jr."]
[Black "Derakhshani, Borna"]
[Result "1-0"]
[WhiteTitle "GM"]
[BlackTitle "FM"]
[WhiteElo "2496"]
[BlackElo "2298"]
[WhiteFideId "723762"]
[BlackFideId "12518450"]
[EventDate "2017.12.02"]

1. Nf3 d5 2. g3 Nc6 3. d4 Bg4 4. Nbd2 Qd7 5. c3 f6 6. b4 a5 7. b5 Na7 8. a4 c6
9. bxc6 Qxc6 10. Qb3 e6 11. Bg2 Rc8 12. Bb2 Nh6 13. O-O Nf7 14. e4 dxe4 15. Nxe4
Qxe4 16. Ne5 Qf5 17. Nxg4 Nd8 18. Ne3 Qd3 19. Rfe1 Nac6 20. Rad1 Qa6 21. Bf1 1-0

[Event "London Classic Open 2017"]
[Site "London ENG"]
[Date "2017.12.09"]
[Round "9.25"]
[White "Jackson, James P"]
[Black "Elsness, Frode"]
[Result "0-1"]
[WhiteTitle "FM"]
[BlackTitle "IM"]
[WhiteElo "2314"]
[BlackElo "2477"]
[WhiteFideId "416860"]
[BlackFideId "1501100"]
[EventDate "2017.12.02"]

1. e4 c6 2. d4 d5 3. e5 Bf5 4. Nf3 e6 5. Be2 Nd7 6. O-O h6 7. Nbd2 Ne7 8. Nb3 g5
9. Ne1 c5 10. Nxc5 Nxc5 11. dxc5 Nc6 12. Bd3 Bxd3 13. Nxd3 Qc7 14. f4 O-O-O 15.
b4 Nxb4 16. Nxb4 Bxc5+ 17. Kh1 Bxb4 18. fxg5 Bc3 19. Rb1 hxg5 20. Bxg5 Bxe5 21.
Bxd8 Rxh2+ 22. Kg1 Qxd8 23. Rb4 Qg5 24. Rg4 Qe3+ 25. Rf2 Bg3 26. Rg8+ Kd7 27.
Rxg3 Qxg3 28. Rxf7+ Ke8 0-1

[Event "London Classic Open 2017"]
[Site "London ENG"]
[Date "2017.12.09"]
[Round "9.26"]
[White "Bilguun, Sumiya"]
[Black "Risting, Eivind Olav"]
[Result "1-0"]
[WhiteTitle "IM"]
[BlackTitle "FM"]
[WhiteElo "2459"]
[BlackElo "2279"]
[WhiteFideId "4901541"]
[BlackFideId "1517333"]
[EventDate "2017.12.02"]

1. b3 e5 2. Bb2 Nc6 3. e3 d5 4. Bb5 Bd6 5. f4 f6 6. fxe5 fxe5 7. Nf3 Qe7 8.
Bxc6+ bxc6 9. Nxe5 Qh4+ 10. g3 Qh3 11. Qe2 Nf6 12. d4 O-O 13. Nd2 Ng4 14. Rf1
Rxf1+ 15. Qxf1 Qh5 16. Qe2 Qg5 17. O-O-O Nxe5 18. dxe5 Bxe5 19. Rf1 Bh3 20. Rf2
Bg4 21. Qd3 Re8 22. Bd4 Qe7 23. Kb2 c5 24. Bxe5 Qxe5+ 25. c3 c6 26. Rf4 Bc8 27.
e4 h6 28. h4 a5 29. Nf3 dxe4 30. Nxe5 exd3 31. Nxd3 Re3 32. Nxc5 Rxg3 33. b4
axb4 34. Rxb4 Bf5 35. a4 Rg2+ 36. Kb3 g5 37. a5 Bc2+ 38. Ka3 Rg3 39. Rb8+ Kf7
40. a6 Rg1 41. Ka2 1-0

[Event "London Classic Open 2017"]
[Site "London ENG"]
[Date "2017.12.09"]
[Round "9.27"]
[White "Zhou, Yang-Fan"]
[Black "Merriman, John"]
[Result "0-1"]
[WhiteTitle "IM"]
[WhiteElo "2459"]
[BlackElo "2263"]
[WhiteFideId "468584"]
[BlackFideId "402362"]
[EventDate "2017.12.02"]

1. e4 e6 2. d4 d5 3. Nd2 Be7 4. c3 c5 5. dxc5 Bxc5 6. Nb3 Bb6 7. exd5 exd5 8.
Nf3 Nf6 9. Bb5+ Nc6 10. Qe2+ Ne4 11. Be3 O-O 12. O-O-O Re8 13. Rhe1 Bg4 14. h3
Bh5 15. Kb1 Bxe3 16. fxe3 a6 17. Bd3 Qf6 18. Bc2 Rad8 19. Nbd4 Ne5 20. g4 Bg6
21. Nxe5 Rxe5 22. Ka1 Rde8 23. Qg2 Nf2 24. Rb1 Ne4 25. h4 h6 26. Nf3 R5e7 27. g5
hxg5 28. hxg5 Nxg5 29. Nxg5 Bxc2 30. Qxc2 Qxg5 31. Rh1 Re4 32. Qh2 f6 33. a3 Kf7
34. Rbg1 Rg4 35. Rxg4 Qxg4 36. Rg1 Qe6 37. Qh7 Rg8 38. Rd1 Ke7 39. Rd4 f5 40.
Rf4 Kf6 41. Rf1 b5 42. Rg1 g6 43. Qh4+ Kf7 44. Qd4 g5 45. Rh1 Kg6 46. Rh2 Re8
47. Qa7 Re7 48. Qa8 Rh7 49. Rd2 Rh1+ 50. Ka2 d4+ 51. b3 dxe3 52. Rd8 Rh2+ 53.
Ka1 e2 54. Rg8+ Kh5 55. Rh8+ Kg4 56. Rxh2 e1=Q+ 57. Kb2 Q6e4 0-1

[Event "London Classic Open 2017"]
[Site "London ENG"]
[Date "2017.12.09"]
[Round "9.28"]
[White "Das, Sayantan"]
[Black "Marzano, Carlo"]
[Result "1-0"]
[WhiteTitle "IM"]
[WhiteElo "2442"]
[BlackElo "2261"]
[WhiteFideId "5034426"]
[BlackFideId "802980"]
[EventDate "2017.12.02"]

1. e4 e5 2. Nf3 Nc6 3. Bb5 a6 4. Ba4 Nf6 5. O-O b5 6. Bb3 Bb7 7. d3 Bc5 8. Nc3
d6 9. a4 Na5 10. Ba2 b4 11. Ne2 h6 12. Ng3 O-O 13. c3 bxc3 14. bxc3 Bb6 15. Nf5
Bc8 16. N3h4 Kh7 17. d4 Be6 18. Qf3 Ng8 19. dxe5 dxe5 20. Qh3 Qf6 21. Nf3 Bxa2
22. Rxa2 Nc4 23. g4 Qg6 24. g5 f6 25. N3h4 Qe8 26. g6+ Kh8 27. Nxg7 Kxg7 28.
Nf5+ Kxg6 29. Qg4+ Kf7 30. Qh5+ Ke6 31. Ng7+ Kd7 32. Qd1+ Nd6 33. Nxe8 Raxe8 34.
Ba3 f5 35. c4 Bd4 36. exf5 c5 37. Bb2 Nxf5 38. Bxd4 Nxd4 39. Rb2 Ne7 40. Rb7+
Ke6 41. Qg4+ Rf5 42. Kh1 Rf8 43. Rfb1 Nec6 44. Rg7 Nb4 45. Qg6+ R5f6 46. Qh7
Ndc6 47. Rc7 Rxf2 48. Qd7+ Kf6 49. Qd6+ Kg5 50. Rg1+ 1-0

[Event "London Classic Open 2017"]
[Site "London ENG"]
[Date "2017.12.09"]
[Round "9.29"]
[White "Vignesh, B"]
[Black "Hansen, Torbjorn Ringdal"]
[Result "0-1"]
[BlackTitle "GM"]
[WhiteElo "2287"]
[BlackElo "2408"]
[WhiteFideId "5073600"]
[BlackFideId "1501720"]
[EventDate "2017.12.02"]

1. e4 c6 2. d4 d5 3. Nc3 dxe4 4. Nxe4 Nf6 5. Nxf6+ exf6 6. c3 Bd6 7. Bd3 O-O 8.
Qc2 Re8+ 9. Ne2 h5 10. Bd2 Nd7 11. O-O-O Nf8 12. Kb1 Be6 13. Ng3 g6 14. Ne4 b5
15. h3 f5 16. Nxd6 Qxd6 17. Bc1 a5 18. c4 bxc4 19. Bxc4 Bd5 20. f3 Ne6 21. Rhe1
Rec8 22. Re3 Rab8 23. Rc3 Rb4 24. b3 Qd7 25. Ba3 Rbb8 26. Bb2 a4 27. bxa4 Rb4
28. Bb5 Rb8 29. a3 Rxb2+ 30. Qxb2 cxb5 31. Qb4 Nd8 32. Re3 Nc6 33. Qc5 bxa4+ 34.
Ka1 Qb7 35. Re2 Na5 36. Qxa5 Qb3 0-1

[Event "London Classic Open 2017"]
[Site "London ENG"]
[Date "2017.12.09"]
[Round "9.30"]
[White "Baenziger, Fabian"]
[Black "Megalios, Konstantinos"]
[Result "1-0"]
[WhiteTitle "FM"]
[WhiteElo "2400"]
[BlackElo "2203"]
[WhiteFideId "1330110"]
[BlackFideId "4238044"]
[EventDate "2017.12.02"]

1. Nf3 Nf6 2. g3 d5 3. Bg2 c6 4. O-O Bg4 5. c4 e6 6. cxd5 Bxf3 7. Bxf3 cxd5 8.
d3 Nc6 9. Nc3 Be7 10. Bg2 O-O 11. a3 Rc8 12. Bd2 Qd7 13. Rc1 Rfd8 14. b4 Nd4 15.
e3 Nb5 16. Nb1 Rxc1 17. Qxc1 Rc8 18. Qb2 a6 19. h3 Ne8 20. Qb3 Bf6 21. f4 Ned6
22. g4 g6 23. a4 Na7 24. Na3 b5 25. a5 Bg7 26. Rc1 Rxc1+ 27. Bxc1 Qc7 28. Bb2
Nac8 29. Nc2 Ne7 30. Bxg7 Kxg7 31. Qb2+ Kg8 32. Nd4 Nb7 33. Kf2 Nd6 34. Nb3 Nb7
35. Nd4 Nd6 36. Ke2 Nb7 37. Kd2 e5 38. Ne2 d4 39. fxe5 dxe3+ 40. Kxe3 Nd8 41.
Qc3 Qd7 42. Qd4 Qc7 43. Qc5 Qd7 44. Nf4 Ne6 45. Nxe6 fxe6 46. Qd6 Qa7+ 47. d4
Kf7 48. Be4 Nc8 49. Qc6 Ne7 50. Qb7 Qxb7 51. Bxb7 Nd5+ 52. Kd2 Nxb4 53. d5 Ke7
54. d6+ Kd7 55. Ke3 g5 56. Ke4 h6 57. Kd4 Nc6+ 58. Kc5 Nxe5 59. Bxa6 Nd3+ 60.
Kb6 Kxd6 61. Bxb5 Nb4 62. a6 Nxa6 63. Bxa6 h5 64. Be2 h4 65. Kb5 Ke5 66. Kc5 Kf4
67. Kd4 Kg3 68. Ke5 Kxh3 69. Kxe6 Kg3 70. Kf5 h3 71. Ba6 1-0

[Event "London Classic Open 2017"]
[Site "London ENG"]
[Date "2017.12.09"]
[Round "9.31"]
[White "Milliet, Sophie"]
[Black "Brooks, Phil J"]
[Result "1/2-1/2"]
[WhiteTitle "IM"]
[WhiteElo "2392"]
[BlackElo "2192"]
[WhiteFideId "623725"]
[BlackFideId "405540"]
[EventDate "2017.12.02"]

1. e4 e6 2. d4 d5 3. Nc3 Bb4 4. e5 Ne7 5. a3 Bxc3+ 6. bxc3 b6 7. Qg4 Ng6 8. h4
h5 9. Qd1 Ba6 10. Bxa6 Nxa6 11. Bg5 Qd7 12. Ne2 Ne7 13. Nf4 g6 14. Bf6 Rg8 15.
Bxe7 Kxe7 16. O-O Qa4 17. Nh3 Nb8 18. Ng5 Nd7 19. Re1 c5 20. Re3 cxd4 21. cxd4
Rac8 22. Rf3 Rgf8 23. Qd2 Qxc2 24. Qf4 Qf5 25. Qh2 Qc2 26. Qh3 Rc6 27. Rf1 Qd2
28. Rd3 Qe2 29. Rc3 Rfc8 30. Rxc6 Rxc6 31. a4 Qg4 32. Qa3+ Ke8 33. Nf3 Qe4 34.
Rc1 Rc2 35. Re1 Re2 36. Rc1 Rc2 37. Re1 Re2 38. Rd1 Rc2 39. Re1 Re2 40. Rc1 Rc2
41. Re1 Re2 1/2-1/2

[Event "London Classic Open 2017"]
[Site "London ENG"]
[Date "2017.12.09"]
[Round "9.32"]
[White "Soham, Das"]
[Black "Gourlay, Iain"]
[Result "1/2-1/2"]
[BlackTitle "FM"]
[WhiteElo "2263"]
[BlackElo "2378"]
[WhiteFideId "35026763"]
[BlackFideId "2401533"]
[EventDate "2017.12.02"]

1. e4 e5 2. Nf3 Nc6 3. Bc4 Nf6 4. d3 Be7 5. O-O O-O 6. Re1 d6 7. a4 Na5 8. Ba2
c5 9. c3 Nc6 10. Na3 h6 11. Bd2 a6 12. h3 Re8 13. Nc2 Be6 14. Bxe6 fxe6 15. b4
b5 16. Qe2 d5 17. bxc5 Bxc5 18. axb5 axb5 19. Rxa8 Qxa8 20. d4 exd4 21. cxd4
dxe4 22. dxc5 exf3 23. Qxf3 Kf7 24. Ra1 Qd8 25. Bxh6 Qd5 26. Ra6 Qxf3 27. gxf3
Rc8 28. Bd2 Ne5 29. Be3 Nd5 30. Ra7+ Kg6 31. Nd4 Nxe3 32. fxe3 1/2-1/2

[Event "London Classic Open 2017"]
[Site "London ENG"]
[Date "2017.12.09"]
[Round "9.33"]
[White "Harley, Andrew D"]
[Black "Fenil, Shah"]
[Result "1/2-1/2"]
[WhiteTitle "FM"]
[BlackTitle "FM"]
[WhiteElo "2196"]
[BlackElo "2324"]
[WhiteFideId "401390"]
[BlackFideId "5019850"]
[EventDate "2017.12.02"]

1. e4 c5 2. c3 d6 3. d4 Nf6 4. Bd3 g6 5. e5 dxe5 6. dxe5 Nh5 7. Qe2 Nc6 8. h3
Qc7 9. Nf3 Ng7 10. O-O Ne6 11. a4 Bg7 12. Re1 Bd7 13. Na3 Na5 14. Bb5 O-O 15.
Bg5 Nc6 16. Bh4 a6 17. Bc4 h6 18. Qe4 Na5 19. Bd5 Bc6 20. Bxc6 Nxc6 21. Nc4 b5
22. Ne3 Rab8 23. Nd5 Qb7 24. axb5 axb5 25. b4 cxb4 1/2-1/2

[Event "London Classic Open 2017"]
[Site "London ENG"]
[Date "2017.12.09"]
[Round "9.34"]
[White "Paquico Rodriguez, Ivan"]
[Black "Paterek, Michal"]
[Result "0-1"]
[BlackTitle "FM"]
[WhiteElo "2137"]
[BlackElo "2315"]
[WhiteFideId "2256320"]
[BlackFideId "1116142"]
[EventDate "2017.12.02"]

1. d4 d5 2. c4 c6 3. Nf3 Nf6 4. e3 Bf5 5. Nc3 a6 6. Qb3 Ra7 7. a4 e6 8. a5 dxc4
9. Bxc4 Nbd7 10. Nh4 Bg4 11. e4 Nxe4 12. Nxe4 Qxh4 13. Bg5 Qh5 14. f3 Bf5 15. g4
Bxg4 16. fxg4 Qxg4 17. Qe3 Bb4+ 18. Kf2 h6 19. Bf4 Qf5 20. Ng3 Qc2+ 21. Qe2
Qxe2+ 22. Kxe2 Nf6 23. Be5 Be7 24. Bd3 Ra8 25. Rhg1 Rd8 26. Ra4 Rg8 27. Bxf6
Bxf6 28. Ke3 Be7 29. Rc4 Rd5 30. b4 f5 31. Ne2 Kf7 32. Rc2 g5 33. Bc4 Rd7 34.
Rf1 Kf6 35. Ng3 f4+ 36. Ke4 Bxb4 37. Nh5+ Ke7 38. Re2 Bxa5 39. Kf3 Rd6 40. Rg1
Bc3 41. Rd1 b5 42. Bb3 Kf7 43. Re5 Re8 44. Re4 a5 45. Nxf4 gxf4 46. Rxf4+ Ke7
47. Rd3 Bb2 48. Ke2 a4 49. Ba2 Rg8 50. Rdf3 Rg7 51. Rf8 Bxd4 52. Rb8 Rg2+ 53.
Kf1 Rxa2 54. Rff8 Bf6 0-1

[Event "London Classic Open 2017"]
[Site "London ENG"]
[Date "2017.12.09"]
[Round "9.35"]
[White "Bellaiche, Anthony"]
[Black "Kwon, Sehyun"]
[Result "1-0"]
[WhiteTitle "IM"]
[BlackTitle "CM"]
[WhiteElo "2499"]
[BlackElo "2117"]
[WhiteFideId "615668"]
[BlackFideId "13203088"]
[EventDate "2017.12.02"]

1. d4 Nf6 2. c4 e6 3. Nc3 Bb4 4. e3 O-O 5. Bd3 d5 6. Nf3 c5 7. O-O cxd4 8. exd4
dxc4 9. Bxc4 b6 10. Bg5 Bb7 11. Rc1 Nc6 12. a3 Be7 13. Ba2 h6 14. Be3 Bd6 15.
Bb1 Ne7 16. Ne5 Ned5 17. Nxd5 Bxd5 18. f3 Bb7 19. Bf4 Nh5 20. Qc2 f5 21. Be3 Nf6
22. Ba2 Bd5 23. Nc4 b5 24. Nxd6 Qxd6 25. Bb1 Bc4 26. Rfe1 Rfc8 27. Qd2 Nd5 28.
Bf2 Qf4 29. Qa5 Qc7 30. Qa6 Qd7 31. Qxe6+ Qxe6 32. Rxe6 Nf4 33. Ree1 Ne2+ 34.
Rxe2 Bxe2 35. Re1 Bc4 36. Bxf5 Re8 37. Be4 Rac8 38. d5 Red8 39. Bf5 Rc7 40. Bg3
Rc5 41. Bf2 Rc7 42. d6 Rf7 43. Bc2 Rxd6 44. Re8+ Rf8 45. Rxf8+ Kxf8 46. Bc5 Ke7
47. b4 Ke6 48. Bxd6 Kxd6 49. Kf2 Kd5 50. Ke3 Bf1 51. Bb3+ Bc4 52. Bxc4+ Kxc4 53.
h4 Kb3 54. Kd3 Kxa3 55. Kc3 Ka4 56. h5 a5 57. g4 axb4+ 58. Kb2 Ka5 59. f4 1-0

[Event "London Classic Open 2017"]
[Site "London ENG"]
[Date "2017.12.09"]
[Round "9.36"]
[White "Sumit, Kumar"]
[Black "Hebden, Mark L"]
[Result "0-1"]
[BlackTitle "GM"]
[WhiteElo "2176"]
[BlackElo "2445"]
[WhiteFideId "5054010"]
[BlackFideId "400084"]
[EventDate "2017.12.02"]

1. e4 e5 2. Nf3 Nc6 3. Bc4 Nf6 4. d3 Be7 5. O-O O-O 6. Re1 d6 7. a4 Na5 8. Ba2
c5 9. c3 Nc6 10. Na3 b6 11. h3 Be6 12. Bxe6 fxe6 13. Nc2 Qe8 14. Ng5 Nd8 15. b4
Qg6 16. Nf3 Rc8 17. Na3 Nc6 18. bxc5 bxc5 19. Rb1 Rc7 20. Qe2 Nh5 21. Kh2 d5 22.
Nb5 Rd7 23. c4 dxc4 24. dxc4 a6 25. Na3 Nd4 26. Nxd4 cxd4 27. Rf1 d3 28. Qe3 d2
29. Bb2 Nf4 30. Qg3 Qxg3+ 31. fxg3 Nd3 0-1

[Event "London Classic Open 2017"]
[Site "London ENG"]
[Date "2017.12.09"]
[Round "9.37"]
[White "Arjun, Kalyan"]
[Black "Brozel, Sacha"]
[Result "1/2-1/2"]
[WhiteElo "2419"]
[BlackElo "2168"]
[WhiteFideId "35018701"]
[BlackFideId "429317"]
[EventDate "2017.12.02"]

1. e4 e6 2. d4 d5 3. Nc3 Bb4 4. e5 c5 5. a3 Bxc3+ 6. bxc3 Qa5 7. Bd2 Qa4 8. Qg4
Kf8 9. Qd1 b6 10. Nf3 Ba6 11. Bxa6 Nxa6 12. O-O h6 13. Be3 Ne7 14. g4 Rc8 15.
Ne1 h5 16. h3 hxg4 17. hxg4 Qc4 18. Qd3 cxd4 19. cxd4 Ng6 20. f3 Qxd3 21. cxd3
f6 22. exf6 gxf6 23. Rf2 Kf7 24. Rh2 Rxh2 25. Kxh2 Rc3 26. Kg3 e5 27. Kf2 Nc7
28. a4 Ne6 29. dxe5 Nxe5 30. a5 d4 31. Bd2 Rb3 32. axb6 axb6 33. Ke2 1/2-1/2

[Event "London Classic Open 2017"]
[Site "London ENG"]
[Date "2017.12.09"]
[Round "9.38"]
[White "Bates, Richard A"]
[Black "Sedykh, Mikhail"]
[Result "1-0"]
[WhiteTitle "IM"]
[WhiteElo "2378"]
[BlackElo "2143"]
[WhiteFideId "403555"]
[BlackFideId "447498"]
[EventDate "2017.12.02"]

1. d4 Nf6 2. Nf3 c5 3. d5 e6 4. c4 exd5 5. cxd5 d6 6. e4 g6 7. h3 Bg7 8. Bd3 O-O
9. O-O c4 10. Bc2 b5 11. Be3 Re8 12. Nbd2 Qc7 13. Rc1 Nbd7 14. a4 a6 15. Nd4 Rb8
16. Re1 Rb7 17. Bb1 Nc5 18. axb5 axb5 19. b3 Nfxe4 20. bxc4 Nxd2 21. Qxd2 bxc4
22. Rxc4 Bd7 23. Rcc1 Ba4 24. Bh6 Rxe1+ 25. Rxe1 Qb8 26. Bxg7 Kxg7 27. Nf5+ Kg8
28. Nh6+ Kg7 29. Ng4 Qd8 30. Bc2 Bd7 31. Qd4+ f6 32. Nxf6 Kf7 33. Nxh7 Nb3 34.
Qe3 Nc5 35. Qh6 Bf5 36. Bxf5 gxf5 37. Ng5+ 1-0

[Event "London Classic Open 2017"]
[Site "London ENG"]
[Date "2017.12.09"]
[Round "9.39"]
[White "Stone, Andrew M"]
[Black "Beinoras, Mindaugas"]
[Result "0-1"]
[BlackTitle "IM"]
[WhiteElo "2170"]
[BlackElo "2353"]
[WhiteFideId "404985"]
[BlackFideId "12802085"]
[EventDate "2017.12.02"]

1. c4 e5 2. Nc3 Nf6 3. Nf3 Nc6 4. e3 Bb4 5. Qc2 O-O 6. Nd5 a5 7. Bd3 g6 8. b3
Re8 9. Bb2 a4 10. bxa4 Bf8 11. Nxf6+ Qxf6 12. a3 d6 13. O-O Qe7 14. Be4 Bd7 15.
d3 Nd8 16. c5 Bxa4 17. Qd2 c6 18. cxd6 Qxd6 19. Ne1 Ne6 20. Bf3 Bg7 21. Be2 Rad8
22. Nc2 Nc5 23. Rad1 Nb3 24. Qc3 Qc5 25. Nb4 Qxc3 26. Bxc3 Nc5 27. Rd2 Bb5 28.
Bb2 Nb3 29. Rc2 c5 30. Rc3 Ba4 31. Na2 e4 32. dxe4 Rd2 0-1

[Event "London Classic Open 2017"]
[Site "London ENG"]
[Date "2017.12.09"]
[Round "9.40"]
[White "Arakhamia-Grant, Ketevan"]
[Black "Woong, Zhi Wei William"]
[Result "0-1"]
[WhiteTitle "GM"]
[BlackTitle "CM"]
[WhiteElo "2350"]
[BlackElo "2137"]
[WhiteFideId "13600168"]
[BlackFideId "5804906"]
[EventDate "2017.12.02"]

1. e4 c5 2. Nf3 e6 3. d4 cxd4 4. Nxd4 a6 5. Bd3 Nf6 6. O-O e5 7. Nb3 Nc6 8. Bg5
Be7 9. Bxf6 Bxf6 10. Nc3 d6 11. Bc4 O-O 12. a4 Be6 13. Bd5 Qc7 14. a5 Ne7 15.
Bxe6 fxe6 16. Qg4 Qc8 17. Rac1 Nc6 18. Rfd1 Nd4 19. Na4 Qe8 20. Nxd4 exd4 21.
Nb6 Rd8 22. b3 h5 23. Qh3 Bg5 24. Rb1 Qg6 25. Qd3 Rxf2 26. e5 Qxd3 27. cxd3 Be3
28. exd6 Ra2+ 29. Kh1 Rxa5 30. Re1 Ra2 31. d7 Rc2 32. b4 Rc6 33. Nc4 b5 34. Ne5
Rd6 35. Ra1 Rd5 36. Nc6 R8xd7 37. Rxa6 Kh7 38. Ra8 Rc7 39. Nd8 Rd6 40. Rf1 Kg6
41. h4 Rcd7 42. Rf8 e5 43. Rc8 e4 44. Nc6 Re6 45. Nd8 Rf6 46. Nc6 Bf4 47. Kg1
exd3 48. Kf1 Bg3+ 49. Rxf6+ Kxf6 50. Rf8+ Ke6 51. Rf3 Kd5 52. Rxd3 Kxc6 53. Rxg3
Re7 54. Rg5 d3 55. Rc5+ Kd6 56. Rc3 Re3 57. Kf2 d2 58. Kxe3 d1=N+ 59. Kd4 Nxc3
60. Kxc3 Ke5 61. Kd3 Kd5 62. g3 g6 63. Ke3 Kc4 64. Kf4 Kxb4 65. g4 hxg4 66. Kxg4
Kc5 67. Kg5 b4 68. Kxg6 b3 69. h5 b2 70. h6 b1=Q+ 71. Kg7 Qb7+ 0-1

[Event "London Classic Open 2017"]
[Site "London ENG"]
[Date "2017.12.09"]
[Round "9.41"]
[White "Gayson, Peter M"]
[Black "Stauskas, Lukas"]
[Result "1/2-1/2"]
[WhiteElo "2145"]
[BlackElo "2349"]
[WhiteFideId "401838"]
[BlackFideId "12808148"]
[EventDate "2017.12.02"]

1. e4 c5 2. Nf3 a6 3. c4 Nc6 4. d4 cxd4 5. Nxd4 e6 6. Nc3 Bb4 7. Nxc6 bxc6 8.
Qd4 Qf6 9. e5 Qg6 10. h4 c5 11. Qd3 Bb7 12. Be3 Ne7 13. O-O-O Qxd3 14. Bxd3 Bxc3
15. bxc3 Bxg2 16. Rhg1 Bf3 17. Rd2 Ng6 18. Bxc5 Nxe5 19. Rxg7 Rc8 20. Bd6 Nxc4
21. Bxc4 Rxc4 22. Rb2 Rxc3+ 23. Kd2 Rc8 24. Rb3 Be4 25. Rbg3 Bg6 26. h5 Rc2+ 27.
Ke1 Rc1+ 28. Kd2 Rc2+ 29. Ke1 Rc1+ 30. Kd2 Rc2+ 1/2-1/2